Flag Carrier Airlines of the world - Statistics

General Stats
  • This quiz has been taken 223 times
    203 since last reset
  • The average score is 15 of 18
Answer Stats
Hint Answer % Correct
Australia Qantas
100%
England/UK British Airways
98%
Germany Lufthansa
98%
Russia Aeroflot
95%
Canada Air Canada
94%
Spain Iberia
93%
China Air China
91%
Japan Japan Airlines
89%
Jordan Royal Jordanian
89%
Mexico Aeromexico
88%
Hong Kong Cathay Pacific
84%
Iceland Icelandair
84%
Malaysia Malaysia Airlines
83%
South Africa South African Airways
83%
United Arab Emirates Etihad
73%
North Korea Air Koryo
71%
Morocco Royal Air Maroc
64%
Chile LAN
55%
No matching quizzes found
Score Distribution
Percent of People with Each Score
Percentile by Number Answered
Your Score History
You have not taken this quiz since the last reset